Language Quiz

Random Language or Letter Quiz

Words Un'GLUE'd Quiz Stats

 Plays Quiz Updated Apr 26, 2016

Also try: 'EM' Words
Challenge
Share
Tweet
Embed
Score 0/20 Timer 04:00
1 Play Today
Un'GLUE'd Word Full Word % Correct
_ _ _ _ LUGE
93.9%
S M _ G _ _ _SMUGGLE
92.7%
_ A _ _ H T _ RLAUGHTER
89%
S _ A _ _ L _SEAGULL
88.7%
S _ N _ _ A S S _ SSUNGLASSES
88.6%
B _ _ _ _ ABELUGA
87.4%
_ _ _ O _ YEULOGY
84.6%
_ _ _ C O S _GLUCOSE
83.9%
_ _ G _ A G _LUGGAGE
83.8%
_ E _ _ M _LEGUME
81.7%
Un'GLUE'd Word Full Word % Correct
_ R _ _ _GRUEL
80.4%
P _ _ N _ _ RPLUNGER
74%
_ _ _ A T I N O _ SGELATINOUS
70.7%
_ _ O B _ L _GLOBULE
70%
B _ _ _ I _ EBEGUILE
63.8%
_ _ N M _ T A _GUNMETAL
63.5%
B _ _ _ _ RBUGLER
63.3%
_ O _ N _ _LOUNGE
53.5%
B _ _ E A _ _ E RBELEAGUER
49.8%
_ N _ U _ A T _UNGULATE
42.3%

You're not logged in!

Compare scores with friends on all Sporcle quizzes.
OR
Log In

You Might Also Like...

Show Comments

Extras

Top Quizzes Today


Score Distribution

Your Account Isn't Verified!

In order to create a playlist on Sporcle, you need to verify the email address you used during registration. Go to your Sporcle Settings to finish the process.

Report this User

Report this user for behavior that violates our Community Guidelines.

Details: